000 00664nam a2200241 i 4500
001 bgj
100 1 _aLAWRENCE, [David] [Herbert]
_d(1885-1930)
245 1 0 _aSons and Lovers /
_cD. H. Lawrence.
260 _aNew York :
_bThe Viking Press,
_c1965.
300 _aI, 420 pp ;
_c20 cm.
490 1 _aCompass Book
650 9 _aWorking class families
650 9 _aYoung men
651 9 _aEngland
_xSocial life and customs
_y20th century
655 _aFiction
655 _aAutobiographical fiction
655 _aDomestic fiction
830 _aCompass Book
040 _cBPK
041 0 _aeng
942 _cKS
008 s uk f |000 0 eng
999 _c48671
_d48671
856 _uhttp://koha.tu.koszalin.pl/cgi-bin/koha/opac-detail.pl?biblionumber=48671
_yKatalog online BPK